=LDR 00000nam 2200000 4500 =001 INLIS000000000016358 =005 20130612111632 =008 ***********************************Ind** =035 ##$$0010-061300000016358 =041 ##$$a Ind =082 ##$$a 372.6 =090 ##$$a 372.6, Sup b =100 ##$$a Suparjo, Joyo =245 ##$$a Bahasa Indonesia untuk SD, Djojo Supardjo, Bunyamin =260 ##$$a 1992 $b Bandung =300 ##$$a ...jil.ilus, 21 cm =650 ##$$a Pendidikan Dasar =650 ##$$a Bahasa Indonesia =700 ##$$a Bunyamin =850 ##$$a NBPNMAT